ბათუმის შოთა რუსთაველის სახელმწიფო უნივერსიტეტის ბიბლიოთეკა

Влияние лесной растительности на состав гумуса почв различных природных зон (ბიბ.ჩანაწერი № 45789)

000 -LEADER
fixed length control field 00795nam a2200217Ia 4500
001 - CONTROL NUMBER
control field 12617
003 - CONTROL NUMBER IDENTIFIER
control field GE_BSU
008 - FIXED-LENGTH DATA ELEMENTS--GENERAL INFORMATION
fixed length control field 181216s||||||||xx |||||||||||||| ||und||
040 ## - CATALOGING SOURCE
Transcribing agency GE_BSU
080 ## - UNIVERSAL DECIMAL CLASSIFICATION NUMBER
Universal Decimal Classification number 631.4
100 ## - MAIN ENTRY--PERSONAL NAME
Personal name Соколов,Д.Ф.
245 ## - TITLE STATEMENT
Title Влияние лесной растительности на состав гумуса почв различных природных зон
245 ## - TITLE STATEMENT
Statement of responsibility, etc. Отв.ред.С.В.Зонн
260 ## - PUBLICATION, DISTRIBUTION, ETC.
Place of publication, distribution, etc. Москва
260 ## - PUBLICATION, DISTRIBUTION, ETC.
Name of publisher, distributor, etc. Изд-во АНСССР
260 ## - PUBLICATION, DISTRIBUTION, ETC.
Date of publication, distribution, etc. 1962
300 ## - PHYSICAL DESCRIPTION
Extent 182стр.26см.
300 ## - PHYSICAL DESCRIPTION
Accompanying material Таблицы.Приложенияс.170-179
653 ## - INDEX TERM--UNCONTROLLED
Uncontrolled term Влияние лесной растительности на состав гумуса почв различных природных зон
942 ## - ADDED ENTRY ELEMENTS (KOHA)
Koha item type წიგნი
ეგზემპლარები
Withdrawn status Lost status Damaged status Not for loan Date acquired Barcode Date last seen Price effective from Koha item type
        2018-12-17 20559 2018-12-17 2018-12-17 წიგნი